<?xml version="1.0" encoding="UTF-8"?>
<record
    xmlns:xsi="http://www.w3.org/2001/XMLSchema-instance"
    xsi:schemaLocation="http://www.loc.gov/MARC21/slim http://www.loc.gov/standards/marcxml/schema/MARC21slim.xsd"
    xmlns="http://www.loc.gov/MARC21/slim">

  <leader>02009nam a2200289 a 4500</leader>
  <controlfield tag="001">BRCA_2370</controlfield>
  <controlfield tag="005">20190320203758.0</controlfield>
  <controlfield tag="008">071108s1608----sp-#---###---#000-0#spa-u</controlfield>
  <datafield tag="041" ind1=" " ind2=" ">
    <subfield code="a">spa</subfield>
  </datafield>
  <datafield tag="044" ind1=" " ind2=" ">
    <subfield code="a">sp</subfield>
  </datafield>
  <datafield tag="084" ind1=" " ind2=" ">
    <subfield code="a">011</subfield>
    <subfield code="b">.C84</subfield>
    <subfield code="c">1608</subfield>
  </datafield>
  <datafield tag="100" ind1="1" ind2=" ">
    <subfield code="a">Cervantes Saavedra, Miguel de</subfield>
    <subfield code="d">1547-1616</subfield>
    <subfield code="9">213</subfield>
  </datafield>
  <datafield tag="245" ind1="1" ind2="0">
    <subfield code="a">El Ingenioso Hidalgo Don Quixote de la Mancha</subfield>
    <subfield code="b">dirigido al Duque de B&#xE9;jar, Marques de Gibrale&#xF3;n, Conde de Benalcazar, y Ba&#xF1;ares, Vizconde de la Puebla de Alcocer Se&#xF1;or de las villas de Capilla, Curiel y Burguillos</subfield>
    <subfield code="c">compuesto por Miguel de Cervantes Saavedra.</subfield>
  </datafield>
  <datafield tag="260" ind1=" " ind2=" ">
    <subfield code="a">Madrid</subfield>
    <subfield code="b">Juan de la Cuesta</subfield>
    <subfield code="c">1608</subfield>
  </datafield>
  <datafield tag="300" ind1=" " ind2=" ">
    <subfield code="a">1 v. (en varias paginaciones)</subfield>
    <subfield code="c">21 cm.</subfield>
  </datafield>
  <datafield tag="500" ind1=" " ind2=" ">
    <subfield code="a">Contenido : Tasa. Privilegio. Licencia. Dedicatoria del autor al Duque de B&#xE9;jar. Pr&#xF3;logo del autor. Versos preliminares. Texto</subfield>
  </datafield>
  <datafield tag="500" ind1=" " ind2=" ">
    <subfield code="a">Tercera edici&#xF3;n de Cuesta, hecha sobre la primera y segunda del mismo impresor. En ella se enmendaron muchas erratas y corrigieron varios errores cometi&#xE9;ndose otros, como por ejemplo, el de sustituir los nudos de la falda de D. Quijote que constitu&#xED;an las cuentas del rosario en la edici&#xF3;n pr&#xED;ncipe, por unas agallas de alcornoque de la presente (I, 26). Por ello, partiendo de err&#xF3;neas posiciones interpretativas, muchos cervantistas creyeron que fuera el mismo Cervantes qui&#xE9;n corrigi&#xF3; esta edici&#xF3;n, creencia hoy definitivamente desacreditada. Fue el notable cervantista y sacerdote espa&#xF1;ol, Clemente Cortej&#xF3;n, que la destruy&#xF3; con pruebas fehacientes. Encuadernado en pergamino L&#xFA;dovik Osterc</subfield>
  </datafield>
  <datafield tag="500" ind1=" " ind2=" ">
    <subfield code="a">Estado f&#xED;sico : Recuperaci&#xF3;n f&#xED;sica en 2008</subfield>
  </datafield>
  <datafield tag="500" ind1=" " ind2=" ">
    <subfield code="a">Con ex-libris de : John Mordaunt Bar</subfield>
  </datafield>
  <datafield tag="650" ind1="1" ind2="4">
    <subfield code="a">Novela espa&#xF1;ola</subfield>
    <subfield code="y">&#xC9;poca cl&#xE1;sica, 1500-1700</subfield>
    <subfield code="9">215</subfield>
  </datafield>
  <datafield tag="650" ind1="1" ind2="4">
    <subfield code="a">Literatura espa&#xF1;ola</subfield>
    <subfield code="y">&#xC9;poca cl&#xE1;sica, 1500-1700</subfield>
    <subfield code="9">216</subfield>
  </datafield>
  <datafield tag="650" ind1="1" ind2="4">
    <subfield code="a">Novela espa&#xF1;ola</subfield>
    <subfield code="y">Siglo XVII</subfield>
    <subfield code="9">217</subfield>
  </datafield>
  <datafield tag="650" ind1="1" ind2="4">
    <subfield code="a">Don Quijote (Personaje ficticio)</subfield>
    <subfield code="e">Novela</subfield>
    <subfield code="9">218</subfield>
  </datafield>
  <datafield tag="740" ind1="0" ind2=" ">
    <subfield code="a">El Ingenioso Hidalgo Don Quijote de la Mancha</subfield>
  </datafield>
  <datafield tag="902" ind1=" " ind2=" ">
    <subfield code="a">QFM</subfield>
  </datafield>
  <datafield tag="942" ind1=" " ind2=" ">
    <subfield code="2">lcc</subfield>
    <subfield code="c">B</subfield>
  </datafield>
  <datafield tag="999" ind1=" " ind2=" ">
    <subfield code="c">2111</subfield>
    <subfield code="d">2111</subfield>
  </datafield>
  <datafield tag="952" ind1=" " ind2=" ">
    <subfield code="0">0</subfield>
    <subfield code="1">0</subfield>
    <subfield code="4">0</subfield>
    <subfield code="7">0</subfield>
    <subfield code="a">BRCA</subfield>
    <subfield code="b">BRCA</subfield>
    <subfield code="d">2008-11-07</subfield>
    <subfield code="l">0</subfield>
    <subfield code="o">011 .C84 1608</subfield>
    <subfield code="p">2367</subfield>
    <subfield code="r">2019-03-22 00:00:00</subfield>
    <subfield code="w">2019-03-22</subfield>
    <subfield code="y">B</subfield>
  </datafield>
</record>
